LEADER 00922nam a2200229 i 4500 001 000000213905 003 CaOOAMICUS 005 20160303000000.0 008 160303s1973 it u000 u ita u 013 $a192760 040 $aSeMil$bita 100 1 $aCantone, Carlo.$0(OLS)http://semarc/name/19252 245 10$aIntroduzione al problema di Dio :$bdiscorso su Dio ed esperienza religiosa /$cCarlo Cantone. 260 $aBrescia :$bLa Scuola,$c1973. 300 $a348 p. ;$c25 cm. 500 $aContiene : Indicazioni bibliografiche. 650 4$aDio.$0(OLS)http://semarc/subject/4429 850 $aSeMil 852 $aSeMil$W1$xVenegono$y1$m2D VI 22$j164333$B164333$CSeMilBibl$Z2$F209945 $81 961 $aOmaggio: Altro 996 $6245$aIntroduzione al problema di Dio :$bdiscorso su Dio ed esperienza religiosa$9(OLS)http://semarc/title/308313 996 $6260$aBrescia :$bLa Scuola$9(OLS)http://semarc/publisher/29831 LEADER 00912nam a2200205 i 4500 001 000000240886 003 CaOOAMICUS 005 20150415000000.0 008 150415s1951 it u000 u ita u 013 $a219791 040 $aSeMil$bita 100 1 $aDe Castro, Josué.$0(OLS)http://semarc/name/75085 245 14$aGli uomini contro la fame :$bscritti raccolti e pubblicati sotto gli Auspici dell'UNESCO" /$cJ. De Castro ... [et al.]. 260 $aMilano :$bUlrico Hoepli,$cstampa 1951. 300 $a317 p. :$bill. ;$c23 cm. 500 $aIn mezzo al front : Con 13 figure e grafici. 850 $aSeMil 852 $aSeMil$W1$xVenegono$y1$m3N II 301 =$j191232$B191232$CSeMilBibl$Z2$F202061 $81 996 $6245$aGli uomini contro la fame :$bscritti raccolti e pubblicati sotto gli Auspici dell'UNESCO"$9(OLS)http://semarc/title/342447 996 $6260$aMilano :$bUlrico Hoepli$9(OLS)http://semarc/publisher/29765